| Tag |
First Indicator |
Second Indicator |
Subfields |
| LEADER |
00000cam a2200000Ia 4500 |
| 001 |
in00001655521 |
| 005 |
20151023122531.0 |
| 008 |
790313s1962 tu a d 000 0 ruso |
| 010 |
|
|
|a 62047221
|
| 035 |
|
|
|a (OCoLC)ocm04737007
|
| 040 |
|
|
|a DLC
|c OSU
|d IUL
|d TXA
|d UtOrBLW
|
| 049 |
|
|
|a TXAM
|
| 050 |
0 |
0 |
|a PG2640
|b .V55
|
| 100 |
1 |
|
|a Vlasova, Z. N.
|q (Zinaida Nikolaevna)
|
| 245 |
1 |
0 |
|a Anglo-russkiĭ slovarʹ s illi︠u︡strat︠s︡ii︠a︡mi :
|b okolo 3400 slov Z.N. Vlasova ; pod redakt︠s︡ieĭ A.G. Eliseevoĭ.
|
| 264 |
|
1 |
|a Moskva :
|b Gos. izd-vo inostrannykh i nat︠s︡ionalʹnykh slovareĭ,
|c 1962.
|
| 300 |
|
|
|a 771 pages :
|b illustrations ;
|c 23 cm.
|
| 336 |
|
|
|a text
|b txt
|2 rdacontent
|
| 337 |
|
|
|a unmediated
|b n
|2 rdamedia
|
| 338 |
|
|
|a volume
|b nc
|2 rdacarrier
|
| 500 |
|
|
|a Added title page: An English-Russian illustrated dictionary.
|
| 536 |
|
|
|a From the Library of Professor Horace G. Lunt. October 2000.
|
| 650 |
|
0 |
|a English language
|v Dictionaries
|x Russian.
|
| 650 |
|
0 |
|a English language
|v Conversation and phrase books
|x Russian.
|
| 700 |
1 |
|
|a Eliseeva, A. G.
|q (Aleksandra Georgievna)
|
| 740 |
0 |
|
|a English-Russian illustrated dictionary.
|
| 948 |
|
|
|a cataloged
|b h
|c 2002/2/9
|d c
|e spoltoratski
|f 6:37:37 pm
|
| 994 |
|
|
|a E0
|b TXA
|
| 999 |
|
|
|a MARS
|
| 999 |
f |
f |
|s 2af9ffa1-fcad-30e8-be8b-81655797a238
|i b4b074ba-3662-3655-b0cc-7c22d5b4c299
|t 0
|
| 952 |
f |
f |
|p ric
|a Texas A&M University
|b Rellis Campus
|c Joint Library Facility
|d Remote Storage
|t 0
|e PG2640 .V55
|h Library of Congress classification
|i unmediated -- volume
|m A14828366605
|
| 998 |
f |
f |
|a PG2640 .V55
|t 0
|l Remote Storage
|